000234193 001__ 234193
000234193 005__ 20200923173110.0
000234193 0247_ $$2I:(DE-Juel1)JSC-20090406$$aG:(DE-Juel1)jpgi70_20190501
000234193 035__ $$aG:(DE-Juel1)jpgi70_20190501
000234193 150__ $$aModelling the Valency Change Memory Effect in Resistive Switching Random Access Memory (RRAM)$$y2019-05-01 - 2020-04-30
000234193 371__ $$aWaser, R.$$bJülich$$cForschungszentrum Jülich GmbH$$dGermany$$e52428
000234193 372__ $$aModelling the Valency Change Memory Effect in Resistive Switching Random Access Memory (RRAM)$$s2019-05-01$$t2020-04-30
000234193 5101_ $$aVSR/JARA$$wt
000234193 550__ $$0G:(DE-Juel1)jpgi70_20120501$$aModelling the Valency Change Memory Effect in Resistive Switching Random Access Memory (RRAM)$$wa
000234193 550__ $$0G:(DE-Juel1)jpgi70_20200501$$aModelling the Valency Change Memory Effect in Resistive Switching Random Access Memory (RRAM).$$wb
000234193 680__ $$aJSC computation time grant
000234193 681__ $$a307 - Condensed Matter Physics
000234193 909CO $$ooai:juser.fz-juelich.de:884625$$pauthority$$pauthority:GRANT
000234193 909CO $$ooai:juser.fz-juelich.de:884625
000234193 980__ $$aG
000234193 980__ $$aAUTHORITY